Familia y escuela: una aproximación conjunta y sistemática a los problemas infantiles

Saved in:
Bibliografiske detaljer
Main Authors: Dowling, Emilia (Author), Osborne, Elsie (Author)
Format: Bog
Sprog:spansk
Udgivet: Barcelona Paidós 1996
Udgivelse:1a. ed
Serier:Temas de Educación, 40
Fag:
Tags: Tilføj Tag
Ingen Tags, Vær først til at tagge denne postø!

MARC

LEADER 00000nam a2200000 a 4500
001 UCS0022
003 CL-VaPUC
008 970418e19960000SP |||||||||||||||||spa|d
020 |a 8449302935 
082 0 4 |a 370.193  |b DOW  |2 21 
100 0 |a Dowling, Emilia  |e author  |9 383092 
700 0 |a Osborne, Elsie  |e author  |9 383093 
245 1 0 |a Familia y escuela: una aproximación conjunta y sistemática a los problemas infantiles 
250 |a 1a. ed 
300 |a 223 p 
942 |c BK 
945 |d 19970418 00:00:00  |a rleighto 
260 |a Barcelona  |b Paidós  |c 1996 
650 0 |a Familia y escuela  |9 383094 
650 7 |a PROBLEMAS EDUCACIONALES  |2 CL-VaPUC  |9 383095 
650 0 |a Psicología educacional   |9 307830 
650 0 |a Educación básica   |9 224933 
650 0 |a Docentes  |9 311365 
583 |a last modification  |c 20130306 02:00:43  |k Rodrigo Vera 
490 0 |a Temas de Educación, 40 
999 |c 258297  |d 258295 
952 |0 0  |1 0  |4 0  |6 370_193000000000000_DOW_1996  |7 0  |8 A  |9 282304  |a BIBEDU  |b BIBEDU  |d 2019-11-19  |i 3300811  |o 370.193 DOW 1996  |p 3300811  |r 2019-11-19  |w 2019-11-19  |y BK  |k EDU 
952 |0 0  |1 0  |4 0  |6 370_193000000000000_DOW_1996  |7 0  |8 A  |9 282305  |a BIBGIM  |b BIBGIM  |d 2019-11-19  |i 4353021  |o 370.193 DOW 1996  |p 4353021  |r 2025-01-15  |w 2019-11-19  |y BK  |k SSL